01505nam a2200361 a 4500001001000000003000900010005001700019007001000036008004000046020001500086040002200101082002900123092000600152100003500158245011100193260007000304300002800374490002900402500007000431590002600501650003600527650003600563700002600599710007100625830002900696910001100725942001200736945003700748952015500785952015000940956003801090999001501128000000135DO-SdBNP20210414094206.0000000135090130s2006 dr a 001 0 spa d a9993442569 aBPMSUbspacBPMSU 4aRD863.44bP426c, 20062  a 1 aPeralta Romero, Rafael,d1948-13aEl conejo en el espejo y otros cuentos para niños /cRafael Peralta Romero ; ilustraciones Leonel Bello  aSanto Domingo :bDirección General de la Feria del Libro c2006 a56 p. :bils. ;c21 cm.1 aEdiciones ferilibro v96 aIncluye datos biográficos del autor en la solapa de la cubierta 6Inventariado, 2021/VM 4aCuentos infantiles dominicanos  4aLliteratura infantil dominicna  aBello, Leonel eils. 2 aDirección General de la Feria del Libro (República Dominicana) 0aEdiciones ferilibro v96 aVMateo 2ddccBK aInventariado infantil / 2017 VM  00102ddc40708CI-DaBPMETbBPMETd2017-05-23eRafael Peralta Romero oBPMSU CID RD863.44 P426c 2006pBPMSU17050012r2017-05-23te.2w2017-05-23yBK 00102ddc40708CI-DaBPMETbBPMETd2017-05-23eRafael Peralta Romero oBPMSU CDI RD863.44 P426c 2006pBPMSU21040012r2021-04-14w2017-05-23yBK aVMATEOb10c20150922lBPMSUh0069 c7263d7263